বিপদ যখন নিয়ামাত / (Record no. 12915)
[ view plain ]
| 000 -LEADER | |
|---|---|
| fixed length control field | 01007nam a2200253 a 4500 |
| 001 - CONTROL NUMBER | |
| JCCL Control Number | 12915 |
| 003 - CONTROL NUMBER IDENTIFIER | |
| JCCL marc code | BD-JhCC |
| 005 - DATE AND TIME OF LATEST TRANSACTION | |
| control field | 20230604092914.0 |
| 008 - FIXED-LENGTH DATA ELEMENTS--GENERAL INFORMATION | |
| fixed length control field | 230604s2021 b |||| |||| 000 0 b d |
| 020 ## - INTERNATIONAL STANDARD BOOK NUMBER | |
| International Standard Book Number | 9789848041338 |
| 035 ## - SYSTEM CONTROL NUMBER | |
| system control number | (BD-JhCC) |
| 040 ## - CATALOGING SOURCE | |
| Original cataloging agency | BD-JhCC |
| Modifying agency | BD-JhCC |
| 041 ## - LANGUAGE CODE | |
| Language code of Book | eng |
| 082 ## - DEWEY DECIMAL CLASSIFICATION NUMBER | |
| Classification number | 297.74 |
| Author mark and Year | ZIB 2021 |
| 100 ## - MAIN ENTRY--PERSONAL NAME | |
| Personal name | জীবরীল, শাইখ মূসা |
| 245 ## - TITLE STATEMENT | |
| Title | বিপদ যখন নিয়ামাত / |
| Statement of responsibility, etc | শাইখ মূসা জীবরীল, উসতাদ আলি হাম্মুদা এবং উসতাদ শাওয়ানা এ. আযীয |
| 260 ## - PUBLICATION, DISTRIBUTION, ETC. (IMPRINT) | |
| Place of publication, distribution, etc | ঢাকা : |
| Name of publisher, distributor, etc | সন্দীপন প্রকাশন লিমিটেড, |
| Date of publication, distribution, etc | ২০২১ |
| 300 ## - PHYSICAL DESCRIPTION | |
| Pagination | ৮৬ পৃ. : |
| Dimensions | ২১ সেমি. |
| 650 ## - SUBJECT ADDED ENTRY--TOPICAL TERM | |
| Topical term or geographic name as entry element | Islam |
| 650 ## - SUBJECT ADDED ENTRY--TOPICAL TERM | |
| Topical term or geographic name as entry element | Dawa |
| 700 ## - ADDED ENTRY--PERSONAL NAME | |
| Personal name | হাম্মুদা, উসতাদ আলি |
| 700 ## - ADDED ENTRY--PERSONAL NAME | |
| Personal name | আব্দুল আযীয, উসতাদ শাওয়ানা |
| 942 ## - ADDED ENTRY ELEMENTS (KOHA) | |
| Source of classification or shelving scheme | Dewey Decimal Classification |
| Koha item type | Books |
| Source of classification or shelving scheme | volume number | Damaged status | Not for loan | Home library | Current library | Shelving location | Date of accession | Cost, normal purchase price | Total Checkouts | Full call number | Barcode | Date last seen | Date checked out | Copy number | Method of acquisition | Koha item type | Currency |
|---|---|---|---|---|---|---|---|---|---|---|---|---|---|---|---|---|---|
| Dewey Decimal Classification | V-1 | JCC Rouf Library | JCC Rouf Library | General Stacks | 06/04/2023 | 89.00 | 5 | 297.74 ZIB 2021 | 17109 | 02/29/2024 | 02/22/2024 | C-1 | Purchase | Books | BDT |